| 000 | 01040nam a2200277 a 4500 | ||
|---|---|---|---|
| 001 | 2501572 | ||
| 003 | OSt | ||
| 005 | 20170105101215.0 | ||
| 008 | 911226s1991 pk a b 000 0 eng | ||
| 010 | _a 91930761 | ||
| 020 |
_a9694071178 : _cRs500.00 ($45.00 U.S.) |
||
| 040 |
_aDLC _cDLC |
||
| 043 | _aa-pk--- | ||
| 050 | 0 | 0 |
_aHD75.9 _b.H87 1991 |
| 100 | 1 |
_aHussain, Ch. Muhammed, _d1931- |
|
| 245 | 1 | 0 |
_aProject appraisal monitoring and evaluation processes with special reference to Pakistan / _cCh. Muhammed Hussain. |
| 250 | _a2nd rev. & enl. ed. | ||
| 260 |
_aKarachi, Pakistan : _bRoyal Book Co., _c1991. |
||
| 300 |
_axxxxiii [i.e. xliii], 491 p. : _bill. ; _c23 cm. |
||
| 504 | _aIncludes bibliographical references (p. 474-487). | ||
| 650 | 0 |
_aEconomic development projects _xEvaluation. |
|
| 650 | 0 |
_aEconomic development projects _zPakistan _xEvaluation. |
|
| 906 |
_a7 _bcbc _corignew _d3 _encip _f19 _gy-gencatlg |
||
| 942 |
_2ddc _cBK |
||
| 999 |
_c3373 _d3373 |
||